• 首页
  • 本馆介绍
  • 公告通知
  • 最新文献
  • 馆藏检索
  • 电子资源
  • 读者导购
  • 参考咨询
  • 我的图书馆
  • 登录
  • 详细信息显示
  • 放入我的书架
  • 预约/预借图书
  • 作者相关作品
  • 分类相关作品
  • 丛书相关作品
  • 出版社相关作品

书目信息

  • 表格格式
  • 工作单格式
  • 卡片格式
题名:
中国近代教育史资料
    
 
作者: 舒新城 编
分册: 上  
出版信息: 北京   人民教育出版社  1981
页数: 3册
开本: 21cm
丛书名:
单 册:
中图分类: G529.5 , G40
科图分类:
主题词: 教育史--中国--近代--史料
电子资源:
ISBN:
000 00712nam0 2200265 45
001 1534255520
005 20150118134758.82
010    @dCNY1.10
091    @aCN@b7012.037(上)
091    @aCN@b7012.051(中)
091    @aCN@b7012.052(下)
100    @a19950610d1981 emky0chiy0121 ea
101 0  @achi
102    @aCN@b110000
105    @ay i 000yy
200 10 @a中国近代教育史资料@Azhong guo jin dai jiao yu shi zi liao@h上@f舒新城编
205    @a2版
210    @a北京@c人民教育出版社@d1981
215    @a3册@d21cm
606    @a教育史@y中国@z近代@x史料
690    @aG529.5@v3
690    @aG40@v4
701  0 @a舒新城@Ashu xin cheng@4编
801  0 @aCN@bTSSF@c20150118
905    @aZUCC@dG40@eJY50:1=2
    
    中国近代教育史资料.上/舒新城编.-2版.-北京:人民教育出版社,1981
    3册;21cm
    
    
    ISBN :CNY1.10
    
●
相关链接 在E读中查询图书 在五车中查询图书 在当当中查询图书 在豆瓣中查询图书


正题名:中国近代教育史资料     索取号:G40/JY50:1=2         预约/预借

序号 登录号 条形码 馆藏地/架位号 状态 备注
1 7852329   278523297   学院路分馆/ [索取号:G40/JY50:1=2] 在馆    
2 7852330   278523304   学院路分馆/ [索取号:G40/JY50:1=2] 在馆    
3 7852331   278523313   学院路分馆/ [索取号:G40/JY50:1=2] 在馆    
4 7852337   278523377   学院路分馆/ [索取号:G40/JY50:1=2] 在馆    
唐山师范学院图书馆 欢迎您!
大连网信软件有限公司© 版权所有